000 01124nam a22003017a 4500
003 CHAP
005 20220329140652.0
008 971013c19011903 r 00010 d
010 _a55714
011 _a56686
035 _a60839
040 _cCHAP
082 _a349.726
_bY82
100 _aYucatán. Leyes, decretos, etc.
_9175438
245 _aColección de leyes, decretos, órdenes y de más disposiciones de interés general, expedidos por los poderes legislativo y ejecutivo del estado, formada con autorización del gobierno, otorgada en 12 de noviembre de 1900
260 _aMérida :
_bImprenta "Gambo Guzmán",
_c1901-1903
300 _a3 v.
590 _aBATCH-UPD
_b10
_c20130110
_lUCH01
_h0753
590 _aBATCH-UPD
_b10
_c20130410
_lUCH01
_h0433
590 _aBATCH-UPD
_b10
_c20130914
_lUCH01
_h1933
590 _aCONVERSION
_b10
_c20130109
_lUCH01
_h1330
650 1 4 _aYucatán
_xLeyes.
_9123326
700 0 _aPonce y Font, Bernardo.
_990823
901 _aBK
942 _cLIBRO
949 _a349.726 Y82
_bBC
_cBPP
_d-130918
_eBPP
_fv.1
_i60839
_si
949 _a349.726 Y82
_bBC
_cBPP
_d-130919
_eBPP
_fv.3
_i60839
_si
999 _c55714
_d55714